[Event "25. Off. Württembergische Seniorenmst."]
[Site "Freudenstadt"]
[Date "2013.07.06"]
[Round "5.18"]
[White "Just, Joachim"]
[Black "Reimann, Guenther"]
[Result "1/2-1/2"]
[WhiteElo "1903"]
[BlackElo "1699"]
[PlyCount "172"]
[EventDate "2013.??.??"]
[WhiteTeam "SV Motor Zeitz"]
[BlackTeam "SC Magstadt"]

1. d4 e6 2. e4 d5 3. Bd3 Nf6 4. Bg5 Be7 5. e5 Nfd7 6. Bxe7 Qxe7 7. c3 c5 8. Nf3
Nc6 9. O-O c4 10. Bc2 b5 11. b3 Rb8 12. b4 a5 13. a3 a4 14. Re1 h6 15. Nbd2 Kd8
16. Nf1 Kc7 17. Ne3 Nf8 18. Nd2 h5 19. f4 g6 20. Nf3 Nh7 21. Rf1 Bd7 22. Qe2
Rbf8 23. Rae1 Qd8 24. g3 Ne7 25. Ng5 Bc6 26. Rf2 Nxg5 27. fxg5 Nf5 28. Bxf5
gxf5 29. h4 Rh7 30. Ng2 Qe8 31. Nf4 Rfh8 32. Ref1 Bd7 33. Qe3 Bc6 34. Nh3 Rg7
35. Kh2 Bd7 36. Rf4 Bc6 37. Qf3 Kb6 38. Nf2 Kc7 39. Nd1 Rhh7 40. Ne3 Kb7 41.
Kg1 Qd7 42. Kf2 Kb6 43. Ke1 Kb7 44. Kd2 Kb6 45. Kc1 Kb7 46. Kb2 Kb6 47. Qe2 Kb7
48. Rh1 Qe8 49. Rf2 Rg8 50. Qf3 Qd7 51. Qf4 Rgg7 52. Rfh2 Rg8 53. Nf1 Qe8 54.
Rf2 Qe7 55. Ne3 Rgg7 56. Nd1 Rg8 57. Rf3 Rgg7 58. Nf2 Qe8 59. Rh2 Qd7 60. Nh1
Qe8 61. Rf1 Qd7 62. Rd2 Qe8 63. Qf2 Qd7 64. Qh2 Qe8 65. Nf2 Qd7 66. Nh3 Rg8 67.
Nf4 Qe8 68. Qe2 Rgh8 69. Qf3 Kb6 70. Rdf2 Qd7 71. g6 fxg6 72. Nxg6 Rg8 73. Nf4
Rg4 74. Nh3 Qe8 75. Ng5 Rg7 76. Qe3 Bd7 77. Rf4 Qg6 78. Rxg4 hxg4 79. Qf4 Rg8
80. Kc1 Kc7 81. Kd2 Kd8 82. Ke3 Ke7 83. Rh1 Kf8 84. Rh2 Rg7 85. Rf2 Rg8 86. Kd2
Ke8 1/2-1/2

[Event "25. Off. Württembergische Seniorenmst."]
[Site "Freudenstadt"]
[Date "2013.07.06"]
[Round "5.19"]
[White "Rauscher, Joachim"]
[Black "Abegg, Beat"]
[Result "1/2-1/2"]
[WhiteElo "1795"]
[BlackElo "1902"]
[PlyCount "123"]
[EventDate "2013.??.??"]
[WhiteTeam "SC Brett vor'm Kopp Ffm"]

1. e4 c6 2. d4 d5 3. Nc3 dxe4 4. Nxe4 Bf5 5. Ng3 Bg6 6. Nf3 Nd7 7. h4 h6 8. h5
Bh7 9. Bd3 Bxd3 10. Qxd3 e6 11. Bd2 Ngf6 12. O-O-O Be7 13. Ne4 O-O 14. Rdg1 c5
15. g4 Nxe4 16. Qxe4 Nf6 17. Qd3 Nh7 18. Kb1 cxd4 19. Nxd4 Bf6 20. Be3 e5 21.
Ne2 Qxd3 22. cxd3 Rfd8 23. Rd1 Rd7 24. f4 exf4 25. Bxf4 Rad8 26. Rh3 Ng5 27.
Re3 Ne6 28. Bh2 Bg5 29. Rf3 Nd4 30. Nxd4 Rxd4 31. Bg1 Rxg4 32. Bxa7 Ra8 33. Bf2
Rga4 34. a3 b5 35. d4 b4 36. d5 bxa3 37. Rxa3 Rxa3 38. bxa3 Rxa3 39. Kb2 Ra8
40. Kc3 Rd8 41. Kc4 Kf8 42. Re1 Be7 43. Rd1 Ke8 44. Bd4 Rc8+ 45. Kd3 f6 46. Re1
Kd7 47. Rg1 Bf8 48. Re1 Kd6 49. Ra1 Kxd5 50. Ra5+ Ke6 51. Ke4 Rd8 52. Ra6+ Rd6
53. Rxd6+ Bxd6 54. Bb6 f5+ 55. Kf3 Be7 56. Ba5 Bg5 57. Bc3 Kf7 58. Bd4 g6 59.
hxg6+ Kxg6 60. Be5 h5 61. Kg2 f4 62. Bxf4 1/2-1/2

[Event "25. Off. Württembergische Seniorenmst."]
[Site "Freudenstadt"]
[Date "2013.07.06"]
[Round "5.20"]
[White "Kaufmann, Helmut"]
[Black "Injac, Petar"]
[Result "0-1"]
[WhiteElo "1773"]
[BlackElo "1849"]
[PlyCount "52"]
[EventDate "2013.??.??"]
[WhiteTeam "SK Eutingen"]
[BlackTeam "SF 1876 Göppingen"]

1. d4 c6 2. Nd2 Qc7 3. g3 d6 4. Bg2 f5 5. e3 Nf6 6. Ne2 e5 7. dxe5 dxe5 8. b3
Be6 9. Bb2 Nbd7 10. O-O Bc5 11. Nc3 e4 12. Ne2 O-O-O 13. Nd4 Rhe8 14. Qe2 Nb6
15. Rfd1 Bd7 16. Bh3 f4 17. Bxd7+ Qxd7 18. gxf4 Nbd5 19. c3 g5 20. fxg5 Rg8 21.
Kf1 Rxg5 22. Ke1 Rg2 23. Rdb1 Bxd4 24. cxd4 Nb4 25. Kd1 Nd3 26. Kc2 Rxf2 0-1

[Event "25. Off. Württembergische Seniorenmst."]
[Site "Freudenstadt"]
[Date "2013.07.06"]
[Round "6.1"]
[White "Frick, Christoph"]
[Black "Weisenburger, Horst"]
[Result "1/2-1/2"]
[WhiteElo "2154"]
[BlackElo "2048"]
[PlyCount "86"]
[EventDate "2013.??.??"]
[WhiteTeam "SV Tübingen 1870 e.V."]
[BlackTeam "SC Böblingen 1975 e.V."]

1. g3 f5 2. Bg2 g6 3. Nc3 Nf6 4. d3 d5 5. Bg5 d4 6. Bxf6 exf6 7. Nd5 c6 8. Nf4
Qa5+ 9. Kf1 Bd6 10. Nf3 Qb6 11. Qc1 O-O 12. c3 dxc3 13. bxc3 Bd7 14. Nd4 Re8
15. h4 Na6 16. Nb3 Qd8 17. Rb1 Qe7 18. e3 Rad8 19. Na5 Bc8 20. Qc2 Nc5 21. Bf3
Bxf4 22. gxf4 Rxd3 23. Kg2 Red8 24. Rhd1 Rxd1 25. Rxd1 Rxd1 26. Qxd1 Qd7 27.
Qd4 Qxd4 28. cxd4 Ne4 29. a3 Kf8 30. Bd1 Nd6 31. Kf1 Be6 32. Ke2 Ke8 33. Kd3
Bd5 34. f3 b6 35. Nb3 Kd7 36. Nd2 c5 37. dxc5 bxc5 38. e4 Bc6 39. e5 Bb5+ 40.
Kc3 Ne8 41. a4 Ba6 42. Nb3 Kc6 43. Na5+ Kd7 1/2-1/2

[Event "25. Off. Württembergische Seniorenmst."]
[Site "Freudenstadt"]
[Date "2013.07.06"]
[Round "6.2"]
[White "Wetjen, Andreas"]
[Black "Villing, Dieter"]
[Result "0-1"]
[WhiteElo "1986"]
[BlackElo "1999"]
[PlyCount "68"]
[EventDate "2013.??.??"]
[WhiteTeam "SK Union Oldenburg"]
[BlackTeam "SK 1962 Ladenburg"]

1. e4 c5 2. Nc3 Nc6 3. g3 g6 4. Bg2 Bg7 5. d3 d6 6. Be3 Nd4 7. Qd2 e6 8. Nd1
Bd7 9. c3 Nc6 10. Ne2 Rc8 11. O-O h5 12. d4 cxd4 13. Nxd4 Ne5 14. Re1 Nc4 15.
Qd3 h4 16. b3 Ne5 17. Qe2 hxg3 18. hxg3 Nh6 19. Bxh6 Rxh6 20. f4 Nc6 21. Nb5
Ke7 22. Ne3 a6 23. Nd5+ exd5 24. exd5+ Ne5 25. Nxd6 Qb6+ 26. Kf1 Qxd6 27. fxe5
Qc5 28. Rac1 Bh3 29. c4 Rch8 30. d6+ Kd8 31. Qe3 Bxg2+ 32. Kxg2 Qxe3 33. Rxe3
Rh2+ 34. Kf3 Bh6 0-1

[Event "25. Off. Württembergische Seniorenmst."]
[Site "Freudenstadt"]
[Date "2013.07.06"]
[Round "6.3"]
[White "Lainburg, Viktor"]
[Black "Weinwurm, Wolfgang"]
[Result "1-0"]
[WhiteElo "1984"]
[BlackElo "2113"]
[PlyCount "57"]
[EventDate "2013.??.??"]
[WhiteTeam "SC Weisse Dame Ulm e.V."]
[BlackTeam "Ternitz"]

1. d4 Nf6 2. Bg5 g6 3. Bxf6 exf6 4. e3 Bg7 5. Ne2 O-O 6. g3 f5 7. Bg2 d5 8. O-O
c6 9. Nd2 Nd7 10. c4 dxc4 11. Nxc4 Nf6 12. Qc2 Re8 13. Rfd1 Nd5 14. a3 a5 15.
Nc3 Be6 16. Nxd5 cxd5 17. Ne5 Qb6 18. Rac1 Rac8 19. Qd2 g5 20. Nd3 Bf8 21. Rxc8
Rxc8 22. Rc1 Rxc1+ 23. Qxc1 f6 24. Qc3 a4 25. Bf3 Bd6 26. Nc5 Bxc5 27. dxc5 Qd8
28. Qd4 f4 29. gxf4 1-0

[Event "25. Off. Württembergische Seniorenmst."]
[Site "Freudenstadt"]
[Date "2013.07.06"]
[Round "6.4"]
[White "Pape, Manfred"]
[Black "Mertens, Gottfried"]
[Result "1-0"]
[WhiteElo "2087"]
[BlackElo "1695"]
[PlyCount "85"]
[EventDate "2013.??.??"]
[WhiteTeam "SK Bad Harzburg"]
[BlackTeam "SK Weinheim 1911 e.V."]

1. e4 e6 2. d3 d5 3. Nd2 Nf6 4. Ngf3 Nc6 5. Be2 Be7 6. O-O dxe4 7. dxe4 e5 8.
c3 O-O 9. Qc2 Bg4 10. Nc4 Bxf3 11. Bxf3 Qc8 12. Re1 Qe6 13. Ne3 Bd6 14. Be2
Rad8 15. b4 h6 16. Bc4 Qc8 17. Nf5 Ne7 18. Nxe7+ Bxe7 19. Qe2 a6 20. a4 c6 21.
f3 Bd6 22. Be3 Bc7 23. Qf2 Rd7 24. Qh4 Qd8 25. Qf2 Qc8 26. g3 Rfd8 27. Bf1 Rd6
28. c4 Re8 29. c5 Rdd8 30. b5 Ba5 31. Rec1 Bb4 32. bxa6 bxa6 33. a5 Qc7 34. Qa2
Rb8 35. Rc4 Red8 36. Rc2 Nd7 37. Bxa6 Ra8 38. Qc4 Bxc5 39. Bxc5 Nxc5 40. Qxc5
Rxa6 41. Rb2 Rb8 42. Rc2 Rb5 43. Qxb5 1-0

[Event "25. Off. Württembergische Seniorenmst."]
[Site "Freudenstadt"]
[Date "2013.07.06"]
[Round "6.5"]
[White "Cichy, Michael"]
[Black "Szenetra, Werner"]
[Result "0-1"]
[WhiteElo "1934"]
[BlackElo "2038"]
[PlyCount "44"]
[EventDate "2013.??.??"]
[WhiteTeam "SC Braunschweig Gliesmarode v. 1"]
[BlackTeam "SV Berenbostel"]

1. d4 g6 2. Nf3 Bg7 3. c4 d6 4. Nc3 Bg4 5. d5 Nf6 6. h3 Bxf3 7. exf3 c6 8. Be2
cxd5 9. cxd5 Nbd7 10. O-O O-O 11. Be3 a6 12. Rc1 b5 13. a4 b4 14. Ne4 Nxe4 15.
fxe4 Bxb2 16. Rc6 a5 17. f4 Rc8 18. Bb5 Bc3 19. Qd3 Nc5 20. Qc4 f5 21. e5 Ne4
22. Bb6 Qxb6+ 0-1

[Event "25. Off. Württembergische Seniorenmst."]
[Site "Freudenstadt"]
[Date "2013.07.06"]
[Round "6.6"]
[White "Schmid, Hartmut"]
[Black "Hoeschele, Hans-Ulrich"]
[Result "1-0"]
[WhiteElo "2049"]
[BlackElo "1915"]
[PlyCount "59"]
[EventDate "2013.??.??"]
[WhiteTeam "Stuttgarter SF 1879"]
[BlackTeam "Stuttgarter SF 1879"]

1. c4 c6 2. Nc3 d5 3. d4 Nf6 4. Nf3 e6 5. e3 Be7 6. Bd3 dxc4 7. Bxc4 b5 8. Be2
Bb7 9. O-O Nbd7 10. a3 a6 11. b4 O-O 12. Qb3 Bd6 13. Bb2 Qe7 14. e4 e5 15. dxe5
Nxe5 16. Nd4 Bb8 17. Nf5 Qc7 18. f4 Ng6 19. e5 Nd5 20. Nxd5 cxd5 21. Rac1 Qd8
22. Qg3 Ba7+ 23. Kh1 Rc8 24. Nd6 Rxc1 25. Rxc1 Qd7 26. f5 Nh8 27. Qxg7+ Kxg7
28. e6+ f6 29. exd7 Ba8 30. Ne8+ 1-0

[Event "25. Off. Württembergische Seniorenmst."]
[Site "Freudenstadt"]
[Date "2013.07.06"]
[Round "6.7"]
[White "Storkebaum, Karl-Heinrich"]
[Black "Ahlberg, Guenter"]
[Result "0-1"]
[WhiteElo "1754"]
[BlackElo "1897"]
[PlyCount "76"]
[EventDate "2013.??.??"]
[WhiteTeam "SAbt TEC Darmstadt"]
[BlackTeam "SG Weißensee 49 e.V."]

1. d4 c6 2. c4 d5 3. Nc3 dxc4 4. a4 e5 5. Nf3 exd4 6. Qxd4 Qxd4 7. Nxd4 Bc5 8.
Nf3 Na6 9. Bd2 Nf6 10. e3 Be6 11. Ne5 Nb4 12. Rc1 Rd8 13. Nxc4 Nd3+ 14. Bxd3
Rxd3 15. Ne5 Rd8 16. Nb1 Be7 17. f3 O-O 18. Ke2 Bd6 19. Nc4 Bc7 20. e4 Rd7 21.
Nba3 h6 22. g3 Rfd8 23. Be3 b6 24. b4 Ne8 25. Rhd1 f6 26. Rxd7 Bxd7 27. Bf4
Bxf4 28. gxf4 Be6 29. Rd1 Rd7 30. Rxd7 Bxd7 31. Kd3 Kf7 32. Kd4 Ke7 33. e5 Be6
34. a5 b5 35. Ne3 Nc7 36. Nac2 g6 37. Kc5 Kd7 38. Nd4 Na6# 0-1

[Event "25. Off. Württembergische Seniorenmst."]
[Site "Freudenstadt"]
[Date "2013.07.06"]
[Round "6.8"]
[White "Injac, Petar"]
[Black "Schmid, Eugen"]
[Result "1-0"]
[WhiteElo "1849"]
[BlackElo "1942"]
[PlyCount "96"]
[EventDate "2013.??.??"]
[WhiteTeam "SF 1876 Göppingen"]
[BlackTeam "SV Herrenberg e.V."]

1. d4 Nf6 2. Bf4 e6 3. Nd2 b6 4. Ngf3 Bb7 5. e3 c5 6. c3 cxd4 7. exd4 Be7 8.
Bd3 O-O 9. Qe2 d6 10. h3 Nbd7 11. O-O-O Re8 12. Rhg1 Qc7 13. Ng5 Nf8 14. f3 Nd5
15. g3 Nxf4 16. gxf4 d5 17. Rg4 Bf6 18. Qh2 h6 19. h4 Bxd4 20. Nb3 Bf6 21. Qc2
e5 22. fxe5 Rxe5 23. Kb1 Rae8 24. f4 Re1 25. Nf3 Rxd1+ 26. Qxd1 Bc8 27. f5 Bb7
28. Qd2 Kh8 29. Kc2 Nd7 30. Rg1 Nc5 31. Kb1 Ne4 32. Qc1 b5 33. Rg2 Qd6 34. a3
Qf8 35. Ka2 Nd6 36. Nh2 Bxh4 37. Qf4 Qe7 38. Nf3 Bf6 39. Rh2 Ne4 40. Re2 Rd8
41. Nh2 Be5 42. Qc1 Qd6 43. Ng4 Bf4 44. Qg1 Bg5 45. Rg2 Qf4 46. Kb1 Re8 47. Nh2
Bc8 48. Ng4 Bf6 {Rest unvollständig} 1-0

[Event "25. Off. Württembergische Seniorenmst."]
[Site "Freudenstadt"]
[Date "2013.07.06"]
[Round "6.9"]
[White "Strenzke, Guenter"]
[Black "Prill, Gerhard"]
[Result "0-1"]
[WhiteElo "1767"]
[BlackElo "1936"]
[PlyCount "95"]
[EventDate "2013.??.??"]
[WhiteTeam "SC Concordia SAbt Palame"]
[BlackTeam "SC Heitersheim"]

1. d4 Nf6 2. c4 e6 3. Nc3 Bb4 4. Qc2 O-O 5. a3 Bxc3+ 6. Qxc3 b5 7. Qf3 d5 8.
cxb5 Ne4 9. e3 c5 10. dxc5 Nxc5 11. Qd1 Bb7 12. Nf3 Nbd7 13. b4 Ne4 14. Bb2 f6
15. Bd3 f5 16. O-O Ndf6 17. Rc1 Qe7 18. Be5 Rfc8 19. Qb3 Nd7 20. Bb2 e5 21.
Rfe1 Nd6 22. Bf1 Nf7 23. Rxc8+ Rxc8 24. Rc1 Rxc1 25. Bxc1 g5 26. Qc3 g4 27. Ne1
Qd6 28. Bb2 Ng5 29. Qc2 Ne4 30. f3 gxf3 31. gxf3 Qg6+ 32. Bg2 Nd6 33. Qc7 Qe6
34. Nd3 d4 35. Qd8+ Kf7 36. exd4 Nxb5 37. Qh8 Qg6 38. dxe5 Bxf3 39. Nf4 Qb6+
40. Kf1 Bxg2+ 41. Kxg2 Nf8 42. e6+ Ke8 43. Qf6 Qb7+ 44. Kg3 Nd6 45. Qe5 Ne4+
46. Kh3 Ng5+ 47. Kg3 Qf3+ 48. Kh4 0-1

[Event "25. Off. Württembergische Seniorenmst."]
[Site "Freudenstadt"]
[Date "2013.07.06"]
[Round "6.10"]
[White "Sukatsch, Manfred"]
[Black "Engbrecht, Helmut"]
[Result "0-1"]
[WhiteElo "1757"]
[BlackElo "1899"]
[PlyCount "110"]
[EventDate "2013.??.??"]
[WhiteTeam "TSV Schönaich"]
[BlackTeam "SV Schorndorf"]

1. c4 Nc6 2. Nf3 e5 3. d3 d5 4. cxd5 Qxd5 5. Nc3 Bb4 6. Bd2 Bxc3 7. Bxc3 Bg4 8.
Nd2 Nf6 9. Qb3 Qxb3 10. Nxb3 Nd5 11. Kd2 O-O-O 12. g3 f5 13. Bg2 Rhe8 14. e3
Ndb4 15. Bf1 Bf3 16. Rg1 g5 17. d4 a6 18. a3 Nd5 19. Bd3 e4 20. Bf1 Nf6 21. h3
Ne5 22. Kc2 Ng6 23. Bd2 Kb8 24. Rc1 Ka7 25. Nc5 Nd7 26. Nxd7 Rxd7 27. b4 b5 28.
Kb3 Kb6 29. Rc5 Rf8 30. Kc3 c6 31. a4 Ne7 32. a5+ Kb7 33. Kc2 Nd5 34. Bc3 Rg8
35. Kd2 Rdg7 36. Be2 Bxe2 37. Kxe2 f4 38. Bd2 fxe3 39. fxe3 Rf7 40. Rcc1 Rgf8
41. Rg2 h5 42. Rcg1 Rf3 43. h4 g4 44. Rc1 Ne7 45. Be1 Rf1 46. Bd2 Rxc1 47. Bxc1
Rf3 48. Rf2 Nf5 49. Rxf3 gxf3+ 50. Kf2 Kc7 51. Bb2 Kd6 52. Bc3 Kd5 53. Be1 Kc4
54. Kg1 Kd3 55. Kf2 Ne7 0-1

[Event "25. Off. Württembergische Seniorenmst."]
[Site "Freudenstadt"]
[Date "2013.07.06"]
[Round "6.11"]
[White "Woisetschlaeger, Adolf"]
[Black "Lomer, Edmund"]
[Result "1/2-1/2"]
[WhiteElo "1723"]
[BlackElo "1879"]
[PlyCount "133"]
[EventDate "2013.??.??"]
[WhiteTeam "SC Schwarz-Weiss Zell"]
[BlackTeam "Eckernförder SC von 1921"]

1. c4 e5 2. g3 Nf6 3. Bg2 c6 4. d3 Bb4+ 5. Bd2 Qe7 6. Nc3 O-O 7. a3 Bxc3 8.
Bxc3 d6 9. Nf3 Bg4 10. O-O Nbd7 11. b4 d5 12. cxd5 cxd5 13. b5 Rfc8 14. Bb4 Qe6
15. Qd2 h6 16. Rac1 b6 17. Rc2 Nc5 18. Rfc1 Nb3 19. Rxc8+ Rxc8 20. Rxc8+ Qxc8
21. Qd1 Bxf3 22. Bxf3 Nd4 23. Bg2 Nxb5 24. a4 Nc3 25. Qc2 d4 26. e3 a5 27. Be7
Qd7 28. exd4 exd4 29. Bxf6 gxf6 30. Bf3 Qxa4 31. Qd2 Kg7 32. Qf4 Qd7 33. Bg4
Qd5 34. Bf3 Qe5 35. Qg4+ Kf8 36. Qc8+ Qe8 37. Qh3 Qe1+ 38. Kg2 Qe5 39. Qxh6+
Ke7 40. Qc1 a4 41. h4 b5 42. h5 Kf8 43. h6 Kg8 44. Be4 Nxe4 45. Qc8+ Kh7 46.
Qf8 f5 47. dxe4 fxe4 48. Qxf7+ Kxh6 49. Qf8+ Kh7 50. Qf7+ Kh6 51. Qf8+ Kg6 52.
Qg8+ Kf6 53. Qf8+ Ke6 54. Qe8+ Kd6 55. Qb8+ Ke6 56. Qe8+ Kf6 57. Qf8+ Kg6 58.
Qg8+ Kh6 59. Qf8+ Kh7 60. Qf7+ Qg7 61. Qf5+ Qg6 62. Qd7+ Kh6 63. Qxd4 Qf5 64.
Qh8+ Kg6 65. Qg8+ Kf6 66. Qf8+ Ke6 67. Qc8+ 1/2-1/2

[Event "25. Off. Württembergische Seniorenmst."]
[Site "Freudenstadt"]
[Date "2013.07.06"]
[Round "6.12"]
[White "Bolz, Claus"]
[Black "Giesen, Dieter"]
[Result "0-1"]
[WhiteElo "1794"]
[BlackElo "2195"]
[PlyCount "65"]
[EventDate "2013.??.??"]
[WhiteTeam "SF Springer Rottenburg"]
[BlackTeam "SK 1912 Ludwigshafen"]

1. d4 d5 2. c4 c6 3. Nc3 Nf6 4. e3 Bf5 5. Qb3 Qb6 6. Nf3 e6 7. Nd2 Nbd7 8. c5
Qc7 9. Qa4 Be7 10. b4 O-O 11. Bb2 b6 12. Ne2 a5 13. b5 bxc5 14. bxc6 Nb6 15.
Qd1 c4 16. a4 Bd3 17. Nc3 Bxf1 18. Kxf1 Qxc6 19. g3 Rab8 20. f4 Na8 21. Qc2 Nc7
22. Nf3 Nd7 23. Kf2 Rb3 24. Nd2 Rb7 25. Rab1 Rfb8 26. Bc1 Na6 27. Rxb7 Rxb7 28.
Nb5 Nb4 29. Qd1 Nb6 30. Nc3 Nd3+ 31. Ke2 Bb4 32. Ndb1 Qe8 33. Bd2 0-1

[Event "25. Off. Württembergische Seniorenmst."]
[Site "Freudenstadt"]
[Date "2013.07.06"]
[Round "6.13"]
[White "Trefzer, Erhard"]
[Black "Jaeger, Hans-Ulrich"]
[Result "1-0"]
[WhiteElo "1941"]
[BlackElo "1795"]
[PlyCount "55"]
[EventDate "2013.??.??"]
[WhiteTeam "SV Besigheim"]
[BlackTeam "SC Sillenbuch"]

1. d4 Nf6 2. c4 e5 3. dxe5 Ne4 4. a3 d6 5. Qc2 Bf5 6. Nc3 Ng3 7. e4 Nxh1 8.
exf5 dxe5 9. Nf3 Nc6 10. Be3 h6 11. g3 Nd4 12. Nxd4 exd4 13. Qe4+ Be7 14. Bxd4
O-O 15. O-O-O Nxf2 16. Bxf2 Bg5+ 17. Kc2 Qc8 18. Bd3 Re8 19. Qf3 Bf6 20. h4 c6
21. g4 Qd8 22. g5 hxg5 23. hxg5 Bxg5 24. Ne4 Bf6 25. Rh1 Bd4 26. Bxd4 Qxd4 27.
f6 Rxe4 28. Qxe4 1-0

[Event "25. Off. Württembergische Seniorenmst."]
[Site "Freudenstadt"]
[Date "2013.07.06"]
[Round "6.14"]
[White "Kotlar, Alfred"]
[Black "Kreie, Guenter"]
[Result "1/2-1/2"]
[WhiteElo "1915"]
[BlackElo "1751"]
[PlyCount "68"]
[EventDate "2013.??.??"]
[WhiteTeam "SK Recklinghausen Altsta"]
[BlackTeam "Turn- u. SpV Eichholz-Re"]

1. d4 Nf6 2. Nf3 e6 3. Bf4 d5 4. Nbd2 c5 5. e3 Nc6 6. c3 Bd6 7. Bg5 e5 8. dxe5
Nxe5 9. Nxe5 Bxe5 10. Nf3 Bg4 11. Bb5+ Kf8 12. Be2 Bxf3 13. Bxf3 d4 14. exd4
cxd4 15. c4 h6 16. Bd2 Qc7 17. Qb3 Kg8 18. h3 g6 19. O-O Kg7 20. Rfe1 Rae8 21.
Rac1 Rb8 22. Qd3 b6 23. b4 Rbc8 24. a3 Qd6 25. Kf1 Nd7 26. g3 h5 27. Bb7 Rc7
28. Bg2 Rhc8 29. Bd5 b5 30. Qf3 Nf6 31. Bb7 bxc4 32. Bxc8 Rxc8 33. Qe2 Qd5 34.
Kg1 Bd6 1/2-1/2

[Event "25. Off. Württembergische Seniorenmst."]
[Site "Freudenstadt"]
[Date "2013.07.06"]
[Round "6.15"]
[White "Just, Gabriele"]
[Black "Just, Joachim"]
[Result "1/2-1/2"]
[WhiteElo "1791"]
[BlackElo "1903"]
[PlyCount "46"]
[EventDate "2013.??.??"]
[WhiteTeam "SG Leipzig"]
[BlackTeam "SV Motor Zeitz"]

1. e4 e6 2. d4 d5 3. exd5 exd5 4. Nf3 Nf6 5. Bd3 Bd6 6. O-O O-O 7. Bg5 Bg4 8.
Nbd2 Nbd7 9. c3 c6 10. Qc2 Qc7 11. Rfe1 Rfe8 12. Bh4 Bh5 13. Bg3 Bg6 14. Bxg6
hxg6 15. Rxe8+ Rxe8 16. Re1 Rxe1+ 17. Nxe1 Bxg3 18. hxg3 Qb6 19. Nd3 Ne4 20.
Nxe4 dxe4 21. Nc5 Nxc5 22. dxc5 Qxc5 23. Qxe4 Qd6 1/2-1/2

[Event "25. Off. Württembergische Seniorenmst."]
[Site "Freudenstadt"]
[Date "2013.07.06"]
[Round "6.16"]
[White "Abegg, Beat"]
[Black "Schmidt, Heinrich"]
[Result "1/2-1/2"]
[WhiteElo "1902"]
[BlackElo "1785"]
[PlyCount "90"]
[EventDate "2013.??.??"]
[BlackTeam "SV Nagold"]

1. d4 Nf6 2. c4 g6 3. g3 Bg7 4. Bg2 d6 5. Nc3 O-O 6. Nf3 c5 7. d5 Na6 8. O-O
Nc7 9. a4 Rb8 10. Qc2 b6 11. b3 a6 12. Bb2 b5 13. axb5 axb5 14. Nd2 bxc4 15.
bxc4 Na6 16. Nb5 Nb4 17. Qc1 Bd7 18. Nc3 Qb6 19. Na4 Bxa4 20. Rxa4 Nbxd5 21.
Bxf6 Nxf6 22. Ne4 Rfc8 23. Nxf6+ Bxf6 24. Qc2 Qb3 25. Ra2 Qxc2 26. Rxc2 Rb4 27.
e3 Rcb8 28. Be4 R8b6 29. Kg2 Ra6 30. Rfc1 Kf8 31. Bf3 e6 32. Rd1 Ke7 33. h4 h5
34. Rdc1 Kd7 35. Rd1 Kc7 36. Be2 Rab6 37. Bf3 Rb2 38. Rdc1 R6b4 39. Rxb2 Rxb2
40. Be4 Rb4 41. Bf3 Bb2 42. Rc2 Bf6 43. Ba8 Rb2 44. Rxb2 Bxb2 45. Kf1 Kb6
1/2-1/2

[Event "25. Off. Württembergische Seniorenmst."]
[Site "Freudenstadt"]
[Date "2013.07.06"]
[Round "6.17"]
[White "Blutharsch, Walter"]
[Black "Spurga, Josef"]
[Result "0-1"]
[WhiteElo "1706"]
[BlackElo "1900"]
[PlyCount "72"]
[EventDate "2013.??.??"]
[WhiteTeam "VfL Sindelfingen"]
[BlackTeam "VfL Sindelfingen"]

1. e4 c5 2. Nf3 d6 3. Nc3 Nf6 4. d4 cxd4 5. Nxd4 a6 6. Bd3 e6 7. O-O Be7 8. Kh1
O-O 9. f4 Qc7 10. Nf3 Nbd7 11. e5 Ne8 12. Ne4 g6 13. exd6 Nxd6 14. Nfg5 Nxe4
15. Nxe4 b5 16. Qf3 Bb7 17. Qh3 Nf6 18. Ng5 Rfd8 19. Be3 Rac8 20. Rae1 Bd5 21.
Bc1 Bf8 22. Re2 h6 23. Nf3 Bc4 24. Bxc4 Qxc4 25. Ng1 Bc5 26. b3 Qd5 27. Rd2 Qc6
28. Rxd8+ Rxd8 29. Nf3 Ne4 30. Qh4 Bb6 31. Be3 Rd5 32. Bxb6 Qxb6 33. Qe1 f5 34.
Ne5 Nf2+ 35. Rxf2 Qxf2 36. Nd3 Qxe1+ 0-1

[Event "25. Off. Württembergische Seniorenmst."]
[Site "Freudenstadt"]
[Date "2013.07.06"]
[Round "6.18"]
[White "Fassmann, Kurt"]
[Black "Stadler, Lothar"]
[Result "1-0"]
[WhiteElo "1867"]
[BlackElo "1707"]
[PlyCount "49"]
[EventDate "2013.??.??"]
[WhiteTeam "TuS Mehlmeisel"]
[BlackTeam "SAbt SV Weiss-BL.Allianz"]

1. d4 Nf6 2. Nf3 e6 3. Bg5 Be7 4. Nbd2 d5 5. e3 b6 6. Bd3 Bb7 7. Qe2 O-O 8. O-O
c5 9. c3 Nc6 10. Bf4 Nh5 11. Ne5 Nxf4 12. exf4 Qd6 13. Qh5 f5 14. Ndf3 Rf6 15.
Ng5 Rh6 16. Qe2 cxd4 17. Ngf7 Qc7 18. Nxh6+ gxh6 19. cxd4 Nxd4 20. Qh5 Bf8 21.
Rac1 Qg7 22. Kh1 Bd6 23. Rce1 Bb4 24. Re3 Bd2 25. Rg3 1-0

[Event "25. Off. Württembergische Seniorenmst."]
[Site "Freudenstadt"]
[Date "2013.07.06"]
[Round "6.19"]
[White "Reimann, Guenther"]
[Black "Juergens, Peter"]
[Result "1/2-1/2"]
[WhiteElo "1699"]
[BlackElo "1867"]
[PlyCount "38"]
[EventDate "2013.??.??"]
[WhiteTeam "SC Magstadt"]
[BlackTeam "SC Tempo Göttingen"]

1. c4 Nf6 2. Nf3 e6 3. d4 b6 4. e3 Bb7 5. Be2 d5 6. Nbd2 Bd6 7. O-O O-O 8. b3
Nbd7 9. Bb2 c5 10. cxd5 Nxd5 11. Nc4 Be7 12. Qd2 cxd4 13. Bxd4 N7f6 14. Qb2 b5
15. Nce5 Qa5 16. a4 b4 17. Nc4 Qd8 18. Rfd1 Nc3 19. Bxc3 bxc3 1/2-1/2

[Event "25. Off. Württembergische Seniorenmst."]
[Site "Freudenstadt"]
[Date "2013.07.06"]
[Round "6.20"]
[White "Gassenmann, Karlheinz"]
[Black "Abel, Hans-Peter"]
[Result "1/2-1/2"]
[WhiteElo "1857"]
[BlackElo "1696"]
[PlyCount "42"]
[EventDate "2013.??.??"]
[WhiteTeam "SF Schwarz-Weiß Merzhausen"]
[BlackTeam "SC Leinfelden"]

1. e4 c5 2. Nf3 d6 3. d4 cxd4 4. Nxd4 Nf6 5. Nc3 g6 6. Be2 Bg7 7. Be3 O-O 8.
O-O Nc6 9. f3 d5 10. Nxc6 bxc6 11. e5 Nd7 12. f4 e6 13. Na4 Qa5 14. c4 Nb6 15.
Nxb6 axb6 16. cxd5 exd5 17. Qd4 f6 18. Bd2 Qc5 19. Qxc5 bxc5 20. exf6 Bxf6 21.
Bc3 Ba6 1/2-1/2

[Event "25. Off. Württembergische Seniorenmst."]
[Site "Freudenstadt"]
[Date "2013.07.06"]
[Round "7.1"]
[White "Weisenburger, Horst"]
[Black "Villing, Dieter"]
[Result "1-0"]
[WhiteElo "2048"]
[BlackElo "1999"]
[PlyCount "101"]
[EventDate "2013.??.??"]
[WhiteTeam "SC Böblingen 1975 e.V."]
[BlackTeam "SK 1962 Ladenburg"]

1. f4 d6 2. Nf3 Bg4 3. e4 Nf6 4. h3 Bxf3 5. Qxf3 Nbd7 6. Bc4 e6 7. d4 d5 8.
exd5 exd5 9. Bxd5 Nxd5 10. Qxd5 Qh4+ 11. Kf1 O-O-O 12. Nc3 Be7 13. Be3 Rhe8 14.
Re1 Bf6 15. Ne4 Ne5 16. Qc5 Nc6 17. g3 Qh6 18. Nxf6 Qxf6 19. Kf2 b6 20. Qc4 Ne7
21. c3 Nf5 22. Bd2 Qg6 23. Qd3 Qf6 24. Qf3 Kb8 25. Re5 Rxe5 26. fxe5 Qe6 27. b3
c5 28. g4 Nh4 29. Qg3 Ng6 30. Be3 cxd4 31. Bxd4 Ne7 32. Rd1 Nd5 33. Qh4 Rc8 34.
Qxh7 Nxc3 35. Bxc3 Rxc3 36. Qe4 Rc5 37. Re1 g6 38. Qd4 Rd5 39. Qf4 Kb7 40. Qf3
Kb8 41. Qf4 a6 42. Re2 Kb7 43. Qf6 Kc6 44. Qxe6+ fxe6 45. Kf3 Rd4 46. Re4 Rd2
47. Kf4 Kd5 48. Re1 Rxa2 49. Rd1+ Kc5 50. Kg5 Ra3 51. Rb1 1-0